- Calzada, Javier
Entry Nombre Personal
001 - NUMERO DE CONTROL
- campo de control: 44531
003 - IDENTIFICADOR DE NUMERO DE CONTROL
- campo de control: DLC
005 - FECHA Y HORA DE LA ÜLTIMA TRANSACCIÓN
- campo de control: 20220524094632.0
008 - DATOS DE LONGITUD FIJA
- campo de control de longitud fija: 050518n| azannaabn |a aaa c
010 ## - NÚMERO DE CONTROL DE LA BIBLIOTECA DEL CONGRESO
- Número de control LC: no2005046843
035 ## - NUMERO DE CONTROL
- Número de control: (OCoLC)oca06636535
040 ## - FUENTE DE CATALOGACIÓN
- Agencia original de catalogación: TNJ
- Lenguaje de catalogación: eng
- Description conventions: rda
- Agencia de transcripción: TNJ
- Agencia que lo modifica: NN
- Agencia que lo modifica: MX-MxUPN
100 1# - ENCABEZAMIENTO - NOMBRE PERSONAL
- Nombre personal: Calzada, Javier
374 ## - OCUPACIÓN
- Occupation: Traductores
- Fuente del término: lemb
375 ## - GÉNERO
- Gender: Masculino
377 ## - LENGUA ASOCIADA
- Language code: spa
- Language code: eng
- Language code: fre
400 1# - VEÁSE - NOMBRE DE PERSONA
- Personal name: Calzada, Francisco Javier
400 1# - VEÁSE - NOMBRE DE PERSONA
- Personal name: Calzada Jiménez, Francisco Javier
670 ## - FUENTE EN LA QUE SE LOCALIZARON DATOS
- Cita de la fuente: Una danza para la música del tiempo. Otoño, c2002:
- Información localizada: port.. (Javier Calzada)
670 ## - FUENTE EN LA QUE SE LOCALIZARON DATOS
- Cita de la fuente: La Cartuja de Parma, 1995:
- Información localizada: port. (traducción de Francisco Javier Calzada)
670 ## - FUENTE EN LA QUE SE LOCALIZARON DATOS
- Cita de la fuente: Risa en la oscuridad, 2000:
- Información localizada: port. (traducción de Javier Calzada)
670 ## - FUENTE EN LA QUE SE LOCALIZARON DATOS
- Cita de la fuente: BNE in VIAF viewed, Jan. 23, 2019:
- Información localizada: (Encabezamiento: Calzada, Javier, variantes: Calzada, Francisco Javier, Calzada Jiménez, Francisco Javier; tradcutor)
- Uniform Resource Identifier: https://viaf.org/viaf/86593465/
670 ## - FUENTE EN LA QUE SE LOCALIZARON DATOS
- Cita de la fuente: 84, Charing Cross Road, 2002:
- Información localizada: (Traducción de Javier Calzada)
